000 00695cam a2200241 4500
008 090401t1997 xxu||||| |||| 00| 0 eng d
020 _a1860811701
035 _a(Sirsi) u80987
041 _aeng
050 _a690
110 _aBuilding Research Establishment
245 _aLists of excluded materials : a change in practice.
260 _aLondon
_bConstruction Research Communications Ltd
_c1997
300 _a4p. ; 30cm.
350 _a0
490 _aBRE Digest
_v425
650 _aBUILT ENVIRONMENT-BUILDING MATERIALS
650 _aDELETERIOUS MATERIALS
650 _aEXCLUDED MATERIALS
690 _aBUILT ENVIRONMENT-BUILDING MATERIALS
942 _n0
948 _c22/09/1997
999 _c96659
_d96659